000 00491nam a22001937a 4500
005 20250321114813.0
008 250321b |||||||| |||| 00| 0 eng d
020 _a9780273655701
050 _aHB 135.B 95 BUR
_b1
082 _22nd
100 _aBURTON, Glyn
245 _aQuantitative methods for business and economics
260 _aLondon
_bPrentice Hall
_c2002c
300 _ax, 480p
500 _aindex
700 _aCARROL, George
710 _aWALL, Stuart
942 _2lcc
_cBK
_n0
999 _c5036
_d5036